Loading...
Encyclopaedia of environmental pollution
| Main Author: | |
|---|---|
| Other Authors: | |
| Format: | Printed Book |
| Published: |
New Delhi:
Commonwealth Publishers,
1997
|
| Subjects: |
| LEADER | 00532cam a2200157ua 4500 | ||
|---|---|---|---|
| 020 | |a 81-7169-446-2 | ||
| 082 | |a 363.730 3 |b ENC.2 | ||
| 100 | |a Shukla,S.K | ||
| 245 | 0 | 0 | |a Encyclopaedia of environmental pollution |
| 260 | |a New Delhi: |b Commonwealth Publishers, |c 1997 | ||
| 300 | |a viii, 352p. | ||
| 650 | 0 | |a Environmental pollution- Encyclopaedias | |
| 700 | 0 | 2 | |a Srivastava,P.R |
| 942 | |c REF | ||
| 999 | |c 867 |d 867 | ||
| 952 | |0 0 |1 0 |4 0 |6 363_730000000000000_3_ENC |7 0 |9 910 |a KUCL |b KUCL |d 2014-05-23 |l 0 |o 363.730 3 ENC. |p 03980 |r 2017-03-04 |w 2014-05-23 |y REF | ||